Loading...
Science - Physics | 4 | 3 | 1 | 0 | 85 | 34 | 65.00 | 5 | 7 |
Science - Chemistry | 0 | 4 | 1 | 1 | 35 | 82 | 94.50 | 1 | 3 |
Science - Biology | 1 | 1 | 0 | 0 | 25 | 55 | 87.50 | 2 | 2 |
Literature - World Literature | 0 | 2 | 0 | 0 | 20 | 137 | 144.50 | 0 | 0 |
Literature - American Literature | 0 | 2 | 0 | 0 | 20 | 135 | 138.50 | 0 | 0 |
Social Science | 0 | 2 | 1 | 0 | 15 | 96 | 98.00 | 1 | 2 |
Literature - British Literature | 0 | 1 | 0 | 0 | 10 | 121 | 121.00 | 0 | 0 |
Literature - European Literature | 0 | 1 | 0 | 0 | 10 | 126 | 126.00 | 0 | 0 |
Other Academic | 0 | 1 | 0 | 0 | 10 | 115 | 115.00 | 0 | 0 |
Philosophy | 0 | 1 | 0 | 1 | 10 | 122 | 122.00 | 0 | 1 |
Visual Arts | 0 | 1 | 0 | 0 | 10 | 129 | 129.00 | 0 | 0 |
Beliefs | 0 | 2 | 2 | 2 | 10 | 132 | 135.50 | 0 | 0 |
Fine Arts - Other Arts | 0 | 1 | 0 | 0 | 10 | 94 | 94.00 | 0 | 1 |
Geography | 0 | 1 | 0 | 0 | 10 | 79 | 79.00 | 0 | 1 |
History - Ancient History | 0 | 1 | 0 | 0 | 10 | 127 | 127.00 | 0 | 1 |
History - European History | 0 | 1 | 0 | 0 | 10 | 82 | 82.00 | 0 | 1 |
Auditory Arts | 0 | 0 | 0 | 0 | 0 | 0.00 | 0 | 0 | |
History - Other History | 0 | 0 | 1 | 0 | -5 | 0.00 | 0 | 0 | |
History - American History | 0 | 0 | 1 | 0 | -5 | 0.00 | 0 | 0 | |
Science - Other Science | 0 | 0 | 2 | 0 | -10 | 0.00 | 0 | 0 |